Talent manažment a jeho miesto v riadení ľudského kapitálu

Pojem talent manažment. Cesta k talent manažmentu v súčasnosti. Interný rozvoj talentov. CEO a talent manažment. Investície do rozvoja talentov. Proces a prepojene na výkonnosť.

Gespeichert in:
Bibliographische Detailangaben
1. Verfasser: Uriga, Ján
Format: Buchkapitel
Sprache:Slowakisch
Schlagworte:
Tags: Tag hinzufügen
Keine Tags, Fügen Sie das erste Tag hinzu!

MARC

LEADER 00000naa$a2200000$$$4500
001 0096817
005 20230908072137.6
041 0 |a slo 
044 |a SK 
245 1 0 |a Talent manažment a jeho miesto v riadení ľudského kapitálu  |c Ján Uriga 
520 |a Pojem talent manažment. Cesta k talent manažmentu v súčasnosti. Interný rozvoj talentov. CEO a talent manažment. Investície do rozvoja talentov. Proces a prepojene na výkonnosť. 
610 2 0 |a riadenie ľudských zdrojov 
610 2 0 |a talent manažment 
610 2 0 |a kapitál intelektuálny 
610 2 0 |a kapitál ľudský 
610 2 0 |a manažment 
610 2 0 |a riadenie znalostí 
610 2 0 |a talenty 
610 2 0 |a riadenie zmien 
610 2 0 |a investície 
100 1 |a Uriga, Ján